Arctic Monkeys Lyrics - Little Illusion Machine (Wirral Riddler) - Statistics

General Stats
  • This quiz has been taken 36 times
  • The average score is 105 of 138
Answer Stats
Lyrics % Correct
a
95%
I
95%
illusion
95%
machine
95%
me,
95%
me
95%
the
95%
to
95%
do
90%
I'll
90%
Little
90%
Swinging
90%
it
85%
letter
85%
room
85%
Send
85%
send
85%
So
85%
baby
80%
I'm
80%
my
80%
of
80%
where
80%
Wirral
80%
(Wirral)
80%
you
80%
again
75%
all
75%
Back
75%
back
75%
began
75%
edge
75%
on
75%
seat
75%
something
75%
Something
75%
beautiful
70%
He's
70%
going
65%
riddle,
65%
riddler
65%
through
65%
and
60%
enough
60%
he'll
55%
just
55%
tried
55%
close
50%
I've
50%
new
50%
ridden
50%
tell
50%
been?
45%
have
45%
gonna
40%
Planting
40%
never
35%
But
30%
is
30%
liked
30%
Riding
30%
gets
25%
gloom
25%
tonight
15%
Hoping
10%
Wow!
10%
No matching quizzes found
Score Distribution
Percent of People with Each Score
Percentile by Number Answered
Your Score History
You have not taken this quiz